000 00736nam a22002177a 4500
003 UA-OsUOA
001 102632
007 ta
008 20130926b un ||||| |||| 00| 0 ukr d
100 _aКалініна Л.
090 _a330(477)
_bК17
942 _cSA
040 _aUA-OsUOA
_bukr
_cUA-OsUOA
_dUA-OsUOA
245 _aМодель максимізації сукупного впливу економічних факторів на стан бізнес-середовища національної економіки
300 _aС.64-75
955 _a0
041 _aukr
080 _a330(477)
773 0 _w102629
_tБанківська справа
_dК.
_d2013
_g7
650 7 _a330 Економіка взагалі
_2UDC
999 _c388960
_d388960